000 00336 a2200145 4500
001 150813
040 _cEscola São Tomás de Aquino
100 _aKUPTAS, Marcia
240 1 0 _aA pedra mágica do tempo
_lpor
245 1 0 _aA pedra mágica do tempo
362 0 _a2007
440 1 _aFTD
697 _aARTES E RECREAÇÃO
942 _cBK
999 _c150813
_d150813